| 000 | 02758nam0a22004691 4500 | ||
|---|---|---|---|
| 001 | v19\rc\1319654 | ||
| 005 | 20260407102346.0 | ||
| 035 | _a(NLR Aleph) 004474533 | ||
| 090 |
_a4577091 _c4577091 |
||
| 100 | _a20251123 rusy50 | ||
| 101 | 0 | _arus | |
| 102 | _aRU | ||
| 135 | _acrcn 024anaba | ||
| 140 | _ay y da yaa0000 | ||
| 200 | 1 |
_aВыписка из Устава для военно-учебных заведений втораго класса. _eОб учении кадет |
|
| 210 |
_aСанктпетербург _cв типографии I-го Кадетскаго корпуса _d1830 |
||
| 215 |
_a18 с. _d8° |
||
| 300 | _aЦенз.: В.Н.Семенов, 21 июля 1831 г. | ||
| 316 |
_aЭкз. РНБ (18.73.1.73) в обл. из мрамор. бумаги. На 1-й и 2-й с. обл. ярлык с шифром РНБ. На тит. л. техн. помета. На с.3 и 18 круглый штамп ГПБ. Размер: 20,5х12,3х0,2 см _5NLR: 18.73.1.73 |
||
| 325 | _aКопия доступна в Электрон. б-ке РНБ | ||
| 488 | 0 |
_12001#$aУстав для военно-учебных заведений второго класса _tУстав для военно-учебных заведений второго класса |
|
| 518 | 1 | _aВыписка из Устава для военно-учебных заведений второго класса | |
| 620 | _dСанкт-Петербург | ||
| 702 | 1 |
_4190 _8rus _7ca _aСеменов _bВ. Н. _cлитератор _f1801-1861 _gВасилий Николаевич _3RU\NLR\AUTH\77102647 _985573 |
|
| 710 | 0 | 1 |
_aРоссия _bГлавное управление военно-учебных заведений _3RU\NLR\AUTH\889953504 _9403034 |
| 712 | 0 | 2 |
_4610 _aКадетский корпус _c1; Петербург _bТипография _3RU\NLR\AUTH\889930203 _9355971 |
| 801 | 0 |
_aRU _bNLR _gpsbo |
|
| 801 | 0 |
_aRU _bRuMoRGB _2psbo |
|
| 801 | 1 |
_aRU _bProSoft-M _2rusmarc |
|
| 852 |
_aNLR _j18.73.1.73 |
||
| 856 | 0 | _uhttps://vivaldi.nlr.ru/bx000027748/view | |
| 856 | 1 | _uhttps://vivaldi.nlr.ru/bx000027748/cover | |
| 856 | 2 | _uhttps://vivaldi.nlr.ru/bx000027748/text | |
| 899 | _aБАН | ||
| 942 | _cBOOK | ||
| 980 | _aNB | ||
| 981 | 2 | 2 |
_a(22) Материалы по истории России _b(22) Культура. Наука. Просвещение. |
| 981 | 2 | 0 |
_a(20) Книжные памятники РНБ _b(20) Русский книжный фонд |